Ennemis dans Mario - Statistiques

Statistiques générales
  • Ce quiz a été pris 106 fois
  • Le résultat moyen est 12 sur 21
Statistiques - réponses
Par images Réponse % Correct
Boo
97%
Koopa
93%
Goomba
91%
Skelerex
83%
Lakitu
82%
Chomp
73%
Bob-omb
72%
Wiggler
71%
Plante Piranha
66%
Bill Ball
60%
Cheep Cheep
60%
Topi Taupe
53%
Bloups
52%
Thwomp
49%
Hériss
40%
Frère Marto
39%
Frère Boomerang
38%
Pokey
35%
Ossec
26%
Bruyinsecte
20%
Podoboo
15%
Aucun quiz correspondant
Distribution des résultats
% des personnes avec chaque résultat
Percentile par nombre de réponses
Votre historique - résultats
Vous n’avez pas pris ce quiz